| LEADER |
01079nam0a2200205 450 |
| 001 |
16848290 |
| 010 |
|
|
|a 978-2-226-40074-1
|b br.
|d 19,5
|
| 100 |
|
|
|a 20180215d2018 u u0frey01 ba
|
| 101 |
0 |
|
|a fre
|
| 102 |
|
|
|a FR
|
| 200 |
0 |
|
|a Routes de l'esclavage (Les)
|e histoire des traites africaines, VIe-XXe siècle
|f Catherine Coquery-Vidrovitch
|
| 207 |
|
1 |
|a
|
| 210 |
|
|
|a Issy-les-Moulineaux
|c Arte Editions
|d 2018
|
| 215 |
|
|
|a 1 vol. (281 p.)
|c illustrations en couleur, cartes
|d 23 x 15 cm
|
| 225 |
1 |
|
|a Documents
|x 1158-8942
|
| 330 |
|
|
|a Cette synthèse de l'histoire des traites esclavagistes depuis l'Afrique subsaharienne présente les différentes routes empruntées par les esclaves vers l'Afrique du Nord, la Méditerranée, l'Atlantique, les Caraïbes ou les Amériques, entre le VIe et le XXe siècle. Un éclairage sur les diasporas d'esclaves de par le monde.
|
| 700 |
|
0 |
|a Coquery-Vidrovitch
|b Catherine
|4 70
|
| 900 |
|
|
|a Documentaire
|
| 901 |
|
|
|a Accessible au prêt
|
| 995 |
|
|
|a Bibliothèque
|c Bibliothèque
|f 00156010827400
|h 00156010827400
|k 960 COQ
|o p
|q a
|r az
|e Bibliothèque
|